Elegías (Registro nro. 12385)

Detalles MARC
000 -ENCABEZADO
Número de control [NR] 00573nam a2200169Ia 4500
008 - DE LONGITUD FIJA DE DATOS DE ELEMENTOS - INFORMACIÓN GENERAL
Elementos de longitud fija [NR] 130821s1974 mx gr spa
040 ## - FUENTE DE CATALOGACION [NR]
Agencia de catalogación original [NR] Co-BoUCM
Idioma de catalogación [NR] spa
041 ## - CODIGO DE IDIOMA [R]
Código de idioma para texto/pista de sonido o título separado [R] Español
100 ## - ASIENTO PRINCIPAL--NOMBRE PERSONAL [NR]
Nombre personal [NR] Propercio, Sexto
ID Autoridad 155793
245 ## - MENCION DE TITULO [NR]
Título [NR] Elegías
Mención de responsabilidad, etc. [NR] Sexto Propercio; introducción, versión rítmica y notas de Rubén Bonifaz Nuño
260 ## - PUBLICACION, DISTRIBUCION, ETC. (PIE DE IMPRENTA) [R]
Lugar de publicación, distribución, etc. [R] México D.F. (México)
Nombre del editor, distribuidor, etc. [R] UNAM
Fecha de publicación, distribución, etc. [R] 1974
300 ## - DESCRIPCION FISICA [R]
Extensión [R] páginas volúmenes
500 ## - NOTA GENERAL [R]
Nota general [NR] Texto latin y español
650 04 - ASIENTO SECUNDARIO DE MATERIA - TERMINO TEMATICO [R]
Término temático o nombre geográfico como elemento de entrada [NR] Poesía lírica
9 (RLIN) 21830
942 ## - ELEMENTOS DE ENTRADA AGREGADOS (KOHA)
Tipo de ítem principal el descrito en 300a Libro
Tema principal Literatura
Edición 1
Parte restante de la signatura top. P76E
Sistema de clasificación DEWEY
Clasificación 874.4
Título oculto en OPAC No
Existencias
Fecha de último préstamo Total préstamos Signatura topográfica Código de barras Última vez visto Ejemplar Price effective from Tipo de ítem Perdido Sistema de clasificación Dañado No prestable Tipo de ítem específico Suprimido Ubicación habitual Ubicación actual Localización Fecha de creación Forma de adquisición Costo
10/03/2008 6 874.4 P76E 100013695 09/12/2025 Ej.1 03/02/2013 Libro   DEWEY     Libro   Claustro Claustro 2do piso 28/02/2003 Donación 500.00